000 00710nam a22002057a 4500
999 _c14455
_d14455
003 AR-CdUCM
008 190423b ||||| |||| 00| 0 eng d
040 _aMUNICIPALIDAD PROVINCIAL DEL CUSCO
_cBIBLIOTECA MUNICIPAL DEL CUSCO
082 _22ed
_aPI / 376.1 /
_bE23
100 _aHelfer Arguedas, José Miguel
_933243
245 _aLibro para colorear :
_bDescubriendo Perú /
260 _aPerú :
_bEdiciones del hipocampo,
_c2010.
300 _a28 páginas ;
_bIlustraciones,
_c28 cm.
500 _aLibro español ingles
650 _aLibro para colorear
_924789
650 _aEspañol Ingles
_921806
650 _aHistoria del Perú para niños
_933244
942 _2ddc
_cLIBROS
945 _adavv
_d23/04/2019